书目信息 |
| 题名: |
电工绝缘材料产品样本
|
|
| 作者: | ;第一机械工业部 编 | |
| 分册: | ||
| 出版信息: | 北京 机械工业出版社 1978 |
|
| 页数: | 305页 | |
| 开本: | 26cm | |
| 丛书名: | ||
| 单 册: | ||
| 中图分类: | TM21-63 | |
| 科图分类: | ||
| 主题词: | 绝缘材料-产品样本--中国--1977 , 产品样本-绝缘材料--中国--1977 | |
| 电子资源: | ||
| ISBN: | ||
| 000 | 00715nam0 2200241 45 | |
| 001 | 0178002290 | |
| 005 | 20060812150414.17 | |
| 010 | @dCNY2.05 | |
| 091 | @a15033(内)764 | |
| 100 | @a19950731d1978 em y0chiy0121 ea | |
| 101 | 0 | @achi |
| 102 | @aCN@b110000 | |
| 105 | @ay z 000yy | |
| 200 | 10 | @a电工绝缘材料产品样本@Adian gong jue yuan cai liao chan pin yang ben@e1977@f第一机械工业部编 |
| 210 | @a北京@c机械工业出版社@d1978 | |
| 215 | @a305页@d26cm | |
| 300 | @a内部发行 | |
| 606 | @a绝缘材料-产品样本@y中国@z1977 | |
| 606 | @a产品样本-绝缘材料@y中国@z1977 | |
| 690 | @aTM21-63@v3 | |
| 711 | 02 | @a第一机械工业部@Adi yi ji xie gong ye bu@4编 |
| 801 | 0 | @aCN@bNLC@c20060812 |
| 905 | @f1@b4959@dTM21-63@e1 | |
| 电工绝缘材料产品样本:1977/第一机械工业部编.-北京:机械工业出版社,1978 |
| 305页;26cm |
| 内部发行 |
| ISBN :CNY2.05 |
| ● |
| 相关链接 |
|
|
|
|
正题名:电工绝缘材料产品样本
索取号:TM21-63/1
 
预约/预借
| 序号 | 登录号 | 条形码 | 馆藏地/架位号 | 状态 | 备注 |
| 1 | 0004959 | 001343610 | 第三借阅区/ [索取号:TM21-63/1] | 在馆 | |
| 2 | 0004960 | 001343656 | 第二样本阅览室/ [索取号:TM21-63/1] | 在馆 | |
| 3 | 0452395 | 204523952 | 密集书库/ [索取号:TM21-63/1] | 在馆 | |
| 4 | 0452396 | 204523961 | 密集书库/ [索取号:TM21-63/1] | 在馆 |